Fuerza muscular /

Guardado en:
Autor Principal: Barnard, Christiaan
Formato: Deslizar
Series:El Cuerpo Viviente
Materias:
Etiquetas: Agregar Etiqueta
Sin Etiquetas, Sea el primero en etiquetar este registro!
LEADER 01070ngm a22003015g 4500
001 CEM.cems021691
008 130507b1992##################0###0#####d
005 20240904142638.0
245 1 0 |a Fuerza muscular /  |c Christiaan Barnard. 
300 |a 25 
490 0 |a El Cuerpo Viviente 
500 |a En soporte VHS, consultar en ventanilla. 
505 0 |a Tipos de músculos, distribución y capacidades. Fibras musculares. Movimientos. Músculos arteriales y del aparato digestivo. Riñones. Generación de energía. Alimentación. Músculos de la cara y cabeza. 
538 |a Soporte: VHS - Norma: Pal N - Color -Grabación DRD 1992 - Hitachi=0000 
100 1 |a Barnard, Christiaan 
082 6 1 |/ BAR-2 
653 |a ANATOMIA 
653 |a FISIOLOGIA 
653 |a MUSCULOS 
653 |a BIOLOGIA 
653 |a FUERZA MUSCULAR 
653 |a RIÑONES 
653 |a ALIMENTACION 
653 |a FIBRAS MUSCULARES 
653 |a MOVIMIENTOS 
653 |a ENERGIA 
653 |a NIVEL SECUNDARIO 
859 |a CEMS  |b BIB. CEMS - Depto. Recursos Didacticos  |h 611  |i BAR-2  |k DRD  |p 334.12  |t Ej.1